|
|
|
|
| LEADER |
03675nam a22004455i 4500 |
| 001 |
978-88-470-0617-1 |
| 003 |
DE-He213 |
| 005 |
20151204162955.0 |
| 007 |
cr nn 008mamaa |
| 008 |
100301s2007 it | s |||| 0|ita d |
| 020 |
|
|
|a 9788847006171
|9 978-88-470-0617-1
|
| 024 |
7 |
|
|a 10.1007/978-88-470-0617-1
|2 doi
|
| 040 |
|
|
|d GrThAP
|
| 050 |
|
4 |
|a R895-920
|
| 072 |
|
7 |
|a MMPH
|2 bicssc
|
| 072 |
|
7 |
|a MMP
|2 bicssc
|
| 072 |
|
7 |
|a MED008000
|2 bisacsh
|
| 082 |
0 |
4 |
|a 616.0757
|2 23
|
| 245 |
1 |
0 |
|a Mezzi di contrasto in ecografia
|h [electronic resource] :
|b Applicazioni addominali /
|c edited by Emilio Quaia.
|
| 264 |
|
1 |
|a Milano :
|b Springer Milan,
|c 2007.
|
| 300 |
|
|
|a XVII, 226 pagg.
|b online resource.
|
| 336 |
|
|
|a text
|b txt
|2 rdacontent
|
| 337 |
|
|
|a computer
|b c
|2 rdamedia
|
| 338 |
|
|
|a online resource
|b cr
|2 rdacarrier
|
| 347 |
|
|
|a text file
|b PDF
|2 rda
|
| 505 |
0 |
|
|a Classificazione dei mezzi di contrasto a base di microbolle -- Principi fisici e tecniche contrasto-specifiche -- Caratterizzazione di lesioni focali epatiche -- Applicazione dei mezzi di contrasto ecografici nelle lesioni focali del fegato steatosico, nelle lesioni epatiche rare e nelle pseudolesioni del fegato -- Identificazione delle metastasi epatiche -- Ecografia intraoperatoria con contrasto nell’identificazione delle metastasi epatiche -- Sistema vascolare epatico -- Valutazione della risposta al trattamento medico antitumorale delle metastasi epatiche -- Guida alla terapia ablativa percutanea nei tumori epatici -- Linee guida europee nell’impiego dei mezzi di contrasto ecografici a livello epatico -- Applicazioni dei mezzi di contrasto ecografici a livello della milza -- Tumori renali -- Valutazione della perfusione renale -- Applicazioni dell’ecografia con mezzo di contrasto nel rene trapiantato -- Valutazione della terapia ablativa dei tumori renali -- Traumi dell’addome -- Patologia pancreatica -- Ecografia con mezzo di contrasto nelle patologie gastroenteriche -- Vasi addominali -- Reflusso vescico-ureterale -- Analisi economica.
|
| 520 |
|
|
|a L’opera presenta un’analisi completa delle applicazioni dei mezzi di contrasto ecografici a livello addominale. La parte introduttiva di natura tecnica presenta la classificazione generale e le proprietà fisiche dei mezzi di contrasto ecografici, nonché una dettagliata classificazione delle tecniche ecografiche contrasto-specifiche; segue una parte speciale che descrive le applicazioni delle microbolle a livello del fegato, della milza e del rene. Vengono quindi presentate le applicazioni speciali e innovative dei mezzi di contrasto ecografici nell’ambito dei traumi dell’addome, della patologia del pancreas, della parete intestinale e dei vasi addominali, e della valutazione del reflusso vescico-ureterale. Infine, viene proposta un’analisi economica relativa all’applicazione dei mezzi di contrasto ecografici nella caratterizzazione delle lesioni focali epatiche. Il libro è principalmente rivolto ai medici impegnati nell’attività ecografica quotidiana, particolarmente in ambito internistico, che desiderano ampliare le proprie competenze nel settore dell’ecografia con mezzo di contrasto.
|
| 650 |
|
0 |
|a Medicine.
|
| 650 |
|
0 |
|a Radiology.
|
| 650 |
1 |
4 |
|a Medicine & Public Health.
|
| 650 |
2 |
4 |
|a Imaging / Radiology.
|
| 650 |
2 |
4 |
|a Diagnostic Radiology.
|
| 650 |
2 |
4 |
|a Ultrasound.
|
| 700 |
1 |
|
|a Quaia, Emilio.
|e editor.
|
| 710 |
2 |
|
|a SpringerLink (Online service)
|
| 773 |
0 |
|
|t Springer eBooks
|
| 776 |
0 |
8 |
|i Printed edition:
|z 9788847006164
|
| 856 |
4 |
0 |
|u http://dx.doi.org/10.1007/978-88-470-0617-1
|z Full Text via HEAL-Link
|
| 912 |
|
|
|a ZDB-2-SME
|
| 950 |
|
|
|a Medicine (Springer-11650)
|